Selected poetry and prose

保存先:
書誌詳細
第一著者: Wordsworth, William
フォーマット: 図書
言語:Undetermined
出版事項: New York, Estados Unidos A Signet Classic 1970
主題:
タグ: タグ追加
タグなし, このレコードへの初めてのタグを付けませんか!

MARC

LEADER 00000nam a2200000Ia 4500
008 170316s9999 xx 000 0 und d
040 |a cru BVZT 
090 |a 820 W-15s 
100 |a Wordsworth, William 
245 |a Selected poetry and prose 
260 |a New York, Estados Unidos 
260 |b A Signet Classic 
260 |c 1970 
300 |a 448páginas 
650 |a LITERATURA INGLESA 
999 |c 7257  |d 7257 
942 |c 15 D  |h 820 W-15s  |2 z